Δέχομαι οι λόγοι που κρίνουν την απόφαση υπέρ ή κατά της σύναψης γάμου και οι σημασίες του θεσμού για τους νέους της Αθηναϊκής κοινωνίας : μεταπτυχιακή εργασία

Αποθηκεύτηκε σε:
Λεπτομέρειες βιβλιογραφικής εγγραφής
Κύριος συγγραφέας: Χελά, Γεωργία
Συγγραφή απο Οργανισμό/Αρχή: Πανεπιστήμιο Αιγαίου. Σχολή Κοινωνικών Επιστημών. Τμήμα Κοινωνικής Ανθρωπολογίας και Ιστορίας. Πρόγραμμα Μεταπτυχιακών Σπουδών Κοινωνική και Ιστορική Ανθρωπολογία
Μορφή: Thesis Βιβλίο
Γλώσσα:Greek
Δημοσίευση: 2015.
Θέματα:
Διαθέσιμο Online:http://hdl.handle.net/11610/17820
Ετικέτες: Προσθήκη ετικέτας
Δεν υπάρχουν, Καταχωρήστε ετικέτα πρώτοι!

MARC

LEADER 00000cam a2200000 a 4500
001 1/111965
008 160919s2015####gr | ||| |||| ||gre||
040 |a GR-MyUa  |b gre  |c GR-MyUa  |e AACR2 
041 0 |a gre 
082 7 |a 306.8  |2 (23) 
100 1 |a Χελά, Γεωργία. 
245 1 0 |a Δέχομαι/ δεν δέχομαι :   |b οι λόγοι που κρίνουν την απόφαση υπέρ ή κατά της σύναψης γάμου και οι σημασίες του θεσμού για τους νέους της Αθηναϊκής κοινωνίας : μεταπτυχιακή εργασία /   |c της Γεωργίας Χελά.  
260 |c 2015.  
300 |a 70 σ.   |c 29,5 εκ.  
500 |a Τριμελής εξεταστική επιτροπή: Παναγιώτης Πανόπουλος (επιβλέπων), Βενετία Καντσά, Ευθύμιος Παπαταξιάρχης.  
502 |a Διατριβή (μεταπτυχιακή) - Πανεπιστήμιο Αιγαίου, Λέσβος, 2015.  
504 |a Περιλαμβάνει βιβλιογραφία και παραρτήματα.  
506 0 |a Ηλεκτρονική διάθεση το πλήρες κείμενο - ελεύθερης πρόσβασης.  
650 0 |a Marriage. 
700 1 |a Πανόπουλος, Παναγιώτης,  |e dgs 
710 2 |a Πανεπιστήμιο Αιγαίου.   |b Σχολή Κοινωνικών Επιστημών.   |b Τμήμα Κοινωνικής Ανθρωπολογίας και Ιστορίας.   |b Πρόγραμμα Μεταπτυχιακών Σπουδών Κοινωνική και Ιστορική Ανθρωπολογία. 
852 |a INST  |b LESVOS  |c DIATR  |e 20160919  |h 260  |p 005100057224  |q 005100057224  |t MTXE  |y 23 
856 |u http://hdl.handle.net/11610/17820 
924 |a Χελά  |b Γεωργία  |y Λέσβος  |z 2016-05 
970 |a Πατσή   |b Ανθίππη  |z 19-09-2016